A pandemic playbook for transportation agencies /

Understanding pandemics, their impacts to transportation, and potential effective response has become more important, not only for the response to COVID-19, but also if, as the World Health Organization warns, we are now "living in a time of viruses. TRB's National Cooperative Highway Rese...

Full description

Bibliographic Details
Main Authors: Matherly, Deborah (Author), Bye, Patricia (Author), Benini, Janet K., 1950- (Author)
Corporate Authors: American Association of State Highway and Transportation Officials (sponsoring body.), United States. Federal Highway Administration (sponsoring body.)
Format: eBook
Language:English
Published: Washington, DC : Transportation Research Board, 2021.
Series:Report (National Cooperative Highway Research Program) ; 963.
TCRP research report ; 225.
Subjects:
Online Access:View report and related information

MARC

Tag First Indicator Second Indicator Subfields
LEADER 00000cam a2200000Ii 4500
001 in00004560708
008 211209t20212021dcua 000 0 eng d
007 cr cn|||||||||
005 20220328163109.7
035 |a (OCoLC)on1288018802 
040 |a WAU  |b eng  |e rda  |c WAU  |d WAU  |d DMY  |d OCLCF  |d OCLCO 
020 |a 9780309673884  |q (paperback) 
020 |a 0309673887  |q (paperback) 
035 |a (OCoLC)1288018802 
041 0 |a eng 
043 |a n-us--- 
050 4 |a HV551.3  |b .M38 2021 
100 1 |a Matherly, Deborah,  |e author. 
245 1 2 |a A pandemic playbook for transportation agencies /  |c Deborah Matherly, Patricia Bye, Janet Benini. 
264 1 |a Washington, DC :  |b Transportation Research Board,  |c 2021. 
264 4 |c ©2021 
300 |a 76 pages :  |b illustrations, map ;  |c 28 cm. 
336 |a text  |b txt  |2 rdacontent 
337 |a unmediated  |b n  |2 rdamedia 
338 |a volume  |b nc  |2 rdacarrier 
490 1 |a NCHRP research report,  |x 2572-3766 ;  |v 963 
490 1 |a TCRP research report,  |x 2572-3766 ;  |v 225 
500 |a At head of title: National Cooperative Highway Research Program / Transit Cooperative Research Program 
504 |a Includes bibliographical references. 
520 |a Understanding pandemics, their impacts to transportation, and potential effective response has become more important, not only for the response to COVID-19, but also if, as the World Health Organization warns, we are now "living in a time of viruses. TRB's National Cooperative Highway Research Program and Transit Cooperative Research Program have jointly issued this pre-publication draft of NCHRP Research Report 963/TCRP Research Report 225: A Pandemic Playbook for Transportation Agencies, which was created to improve transportation agency responses to a pandemic. The Playbook concentrates on what needs to be done, when and by whom. It briefly addresses planning for a pandemic, a topic addressed in greater depth in NCHRP Report 769: A Guide for Public Transportation Pandemic Planning and Response. It summarizes effective practices currently used by transportation agencies based on interviews with state departments of transportation and transit agency leaders and operational personnel, supplemented with national and international research results 
505 0 |a Summary, Chapter 1 - Introduction, Chapter 2 - Key Questions to Ask, Chapter 3 - Key Players and Agencies, Chapter 4 - Challenges, Chapter 5 - Emergency Management Plays: Approaches and Solutions, Chapter 6 - Conclusions, Acronyms, Endnotes 
650 0 |a State transportation agencies  |x Planning. 
650 0 |a COVID-19 (Disease)  |x Safety measures. 
650 0 |a Epidemics  |z United States  |x Planning. 
650 6 |a Organismes d'États fédérés chargés des transports  |x Planification. 
650 6 |a COVID-19  |x Sécurité  |x Mesures. 
650 7 |a COVID-19 (Disease)  |x Safety measures.  |2 fast  |0 (OCoLC)fst02021859 
651 7 |a United States.  |2 fast  |0 (OCoLC)fst01204155 
650 7 |a COVID-19  |2 trt 
650 7 |a Transportation planning  |2 trt 
650 7 |a Communicable diseases  |2 trt 
650 7 |a Transportation departments  |2 trt 
650 7 |a Transit operating agencies  |2 trt 
650 7 |a Public health  |2 trt 
650 7 |a Employee relations  |2 trt 
650 7 |a Emergency management  |2 trt 
650 7 |a Disaster resilience  |2 trt 
700 1 |a Bye, Patricia,  |e author. 
700 1 |a Benini, Janet K.,  |d 1950-  |e author. 
710 2 |a National Academies of Sciences, Engineering, and Medicine (U.S.).  |b Transportation Research Board,  |e issuing body,  |e publisher. 
710 2 |a National Cooperative Highway Research Program,  |e issuing body. 
710 2 |a Transit Cooperative Research Program,  |e issuing body. 
710 2 |a American Association of State Highway and Transportation Officials,  |e sponsoring body. 
710 1 |a United States.  |b Federal Highway Administration,  |e sponsoring body. 
776 0 8 |i Online version:  |a Matherly, Deborah.  |t Pandemic playbook for transportation agencies.  |d Washington, DC : Transportation Research Board, 2021  |z 9780309673884  |w (DLC) 2021935393  |w (OCoLC)1220951159 
830 0 |a Report (National Cooperative Highway Research Program) ;  |v 963. 
830 0 |a TCRP research report ;  |v 225. 
856 4 1 |u http://www.trb.org/Main/Blurbs/181476.aspx  |z View report and related information  |t 0 
994 |a Z0  |b TXA 
948 |h HELD BY TXA - 6 OTHER HOLDINGS 
999 f f |s 560944bd-481d-4668-8e9f-f0c9eb9f943b  |i 560944bd-481d-4668-8e9f-f0c9eb9f943b  |t 0 
952 f f |p normal  |a Texas A&M University  |b College Station  |c Sterling C. Evans Library  |d Evans: Library Stacks  |t 0  |e TE7.N25 no.225  |h Library of Congress classification  |i unmediated -- volume  |m A14851768839 
998 f f |a TE7.N25 no.225  |t 0  |l Evans: Library Stacks